Kattan Wal Dheyan / (Record no. 526713)
[ view plain ]
| 000 -LEADER | |
|---|---|
| fixed length control field | 00557nam a22001937a 4500 |
| 003 - CONTROL NUMBER IDENTIFIER | |
| control field | NUST |
| 020 ## - INTERNATIONAL STANDARD BOOK NUMBER | |
| Qualifying information | HBK |
| 038 ## - RECORD CONTENT LICENSOR | |
| Staff Name | Faiza |
| 082 ## - DEWEY DECIMAL CLASSIFICATION NUMBER | |
| Classification number | 891.42101 |
| Author Mark | NAQ |
| 100 ## - MAIN ENTRY--PERSONAL NAME | |
| Personal name | Naqvi, Aftab Ahmad |
| 9 (RLIN) | 17707 |
| 245 ## - TITLE STATEMENT | |
| Title | Kattan Wal Dheyan / |
| Statement of responsibility, etc. | Aftab Ahmad Naqvi |
| 250 ## - EDITION STATEMENT | |
| Edition statement | 1st ed. |
| 260 ## - PUBLICATION, DISTRIBUTION, ETC. | |
| Place of publication, distribution, etc. | Lahore : |
| Name of publisher, distributor, etc. | Sangat Publications, |
| Date of publication, distribution, etc. | 2002. |
| 300 ## - PHYSICAL DESCRIPTION | |
| Extent | 160 p. ; |
| 880 ## - ALTERNATE GRAPHIC REPRESENTATION | |
| Linkage | 100-01\r |
| Title | آفتاب احمد نقوی |
| 880 ## - ALTERNATE GRAPHIC REPRESENTATION | |
| Linkage | 245-02\r |
| Title | کتن ول دھیان / |
| 880 ## - ALTERNATE GRAPHIC REPRESENTATION | |
| Linkage | 260-03\r |
| Title | لاہور : |
| b | سنگت پبلیکیشنز, |
| c | ۲۰۰۲. |
| 942 ## - ADDED ENTRY ELEMENTS (KOHA) | |
| Source of classification or shelving scheme | |
| Koha item type | Book |
| Withdrawn status | Lost status | Source of classification or shelving scheme | Damaged status | Not for loan | Permanent Location | Current Location | Date acquired | Total Checkouts | Full call number | Barcode | Date last seen | Price effective from | Koha item type |
|---|---|---|---|---|---|---|---|---|---|---|---|---|---|
| Central Library (CL) | Central Library (CL) | 07/15/2019 | 891.42101 NAQ | CL-E-1314 | 07/15/2019 | 07/15/2019 | Book |
